| 000 | 003500000a22001450004500 | ||
|---|---|---|---|
| 003 | MACL | ||
| 040 | _aMACL | ||
| 090 |
_c5826 _d5825 |
||
| 100 | _aGhosh, Oroon K. | ||
| 245 |
_aScience, Society And Philosophy _bA New Radical Humanist Approach |
||
| 260 |
_bAjanta Publications _c1987 |
||
| 350 | _a150 | ||
| 650 | _aSocial Science | ||
| 942 |
_cBOOK _k300 |
||
| 999 |
_c5783 _d5783 |
||